Elements of The Periodic Table - Sudden Death - Statistics

General Stats
  • This quiz has been taken 5,568 times
  • The average score is 30 of 40
Answers on the Grid
Answers color-coded by a green-red scale on the quiz's grid according to % correct below.
Aluminium
Arcanine
Argon
Aspartame
Bergmite
Beryllium
Boron
Calcium
Canadium
Carbon
Chlorine
Cobalion
Cobalt
Copper
Diocletian
Einsteinium
Feldspar
Fluorine
Furchetta
Galvatron
Gold
Helium
Hydrogen
Iodine
Iron
Kazakhstanium
Krypton
Lead
Lithium
Magnesium
Manganese
Mercury
Midichlorian
Neon
Newtonium
Nickel
Nitrogen
Oxygen
Phosphorus
Platinum
Plutonium
Potassium
Pyrite
Quartz
Radon
Silicon
Silver
Sodium
Soylent
Sulfur
Talc
Tin
Titanium
Tortellini
Trajan
Unobtanium
Uranium
Vermicelli
Xenon
Zinc
 
Answer Stats
Answer % Correct
Aluminium
95%
Argon
89%
Calcium
88%
Gold
85%
Carbon
84%
Beryllium
83%
Helium
83%
Boron
82%
Chlorine
82%
Hydrogen
82%
Iron
80%
Cobalt
79%
Copper
79%
Lithium
79%
Magnesium
78%
Mercury
77%
Fluorine
76%
Neon
76%
Lead
75%
Oxygen
75%
Nitrogen
74%
Iodine
72%
Manganese
72%
Nickel
72%
Potassium
71%
Silver
71%
Uranium
70%
Sodium
69%
Titanium
68%
Plutonium
67%
Zinc
67%
Einsteinium
66%
Phosphorus
66%
Tin
65%
Silicon
64%
Sulfur
64%
Krypton
63%
Xenon
63%
Platinum
62%
Radon
59%
No matching quizzes found
Score Distribution
Percent of People with Each Score
Percentile by Number Answered
Your Score History
You have not taken this quiz